| 000 | 01129nam0a22002651 4500 | ||
|---|---|---|---|
| 001 | rc\834110 | ||
| 005 | 20041129091955.5 | ||
| 035 | _a(NLR Aleph) 006015968 | ||
| 090 |
_a7377814 _c7377814 |
||
| 100 | _a20041129d1984 u |0rusy50 ca | ||
| 101 | 0 | _arus | |
| 102 | _aRU | ||
| 105 | _aa ||||||||| | ||
| 200 | 1 | _aВычисления с временной, алгоритмической и информационной избыточностью | |
| 210 |
_aМ. _cМашиностроение _d1984 |
||
| 215 |
_a71 с. _cил. _d21 |
||
| 300 | _aВ надзаг.: Центр. правл. НТО приборостроит. пром-сти им. С.И. Вавилова, Заоч. ин-т, Курсы повышения квалификации ИТР по надежности вычисл. средств | ||
| 320 | _aБиблиогр.: с. 68 (11 назв.) | ||
| 700 | 1 |
_aИыуду _bК. А. _gКуста Аугустович |
|
| 701 | 1 |
_aКасаткин _bА. И. _gАлександр Иванович |
|
| 801 | 0 |
_aRU _bNLR _gpsbo |
|
| 801 | 1 |
_aRU _bELAR _2rusmarc |
|
| 852 |
_aNLR _j85-6/1813 |
||
| 942 | _cBOOK | ||
| 980 | _aNB | ||